[Event "PNWCC Last Dance-B"]
[Site "Redmond"]
[Date "2022.06.22"]
[Round "7"]
[White "Wen, Yili"]
[Black "Sivakumar, Shaashwath"]
[Result "1/2-1/2"]
[WhiteElo "2122"]
[BlackElo "2126"]
[PlyCount "75"]
[EventDate "2022.06.18"]
[EventType "tourn"]
[EventRounds "9"]
[EventCountry "USA"]
[EventCategory "1"]
[SourceTitle "EXT 2024"]
[Source "ChessBase"]
[SourceDate "2023.10.10"]
[SourceVersion "1"]
[SourceVersionDate "2023.10.10"]
[SourceQuality "1"]

1. c4 c6 2. d4 Nf6 3. Nc3 d5 4. cxd5 cxd5 5. Bf4 Nc6 6. e3 Bf5 7. Rc1 e6 8. Qb3 Bb4 9. Bb5 0-0 10. Bxc6 Bxc3+ 11. Rxc3 bxc6 12. f3 Nh5 13. Ne2 Nxf4 14. Nxf4 e5 15. Ne2 Rb8 16. Qa3 Qh4+ 17. g3 Qf6 18. 0-0 Bh3 19. Rf2 Rfe8 20. dxe5 Qxe5 21. Nf4 Bf5 22. Rxc6 Rbd8 23. Qc5 Qxe3 24. Nxd5 Qe5 25. Nf4 Rd1+ 26. Kg2 Qe1 27. g4 Bd7 28. Rc7 h5 29. Nxh5 Re5 30. Rc8+ Bxc8 31. Qxc8+ Re8 32. Qc5 Red8 33. Qg5 g6 34. Nf6+ Kf8 35. Ne4 Qh1+ 36. Kg3 R8d5 37. Qh6+ Ke7 38. Qh4+ 1/2-1/2

[Event "PNWCC Last Dance-B"]
[Site "Redmond"]
[Date "2022.06.21"]
[Round "6"]
[White "Mei, Austin"]
[Black "Wen, Yili"]
[Result "1/2-1/2"]
[WhiteElo "2346"]
[BlackElo "2122"]
[PlyCount "90"]
[EventDate "2022.06.18"]
[EventType "tourn"]
[EventRounds "9"]
[EventCountry "USA"]
[EventCategory "1"]
[SourceTitle "EXT 2024"]
[Source "ChessBase"]
[SourceDate "2023.10.10"]
[SourceVersion "1"]
[SourceVersionDate "2023.10.10"]
[SourceQuality "1"]

1. e4 e5 2. Nf3 Nc6 3. Bb5 a6 4. Ba4 Nf6 5. 0-0 Be7 6. d3 b5 7. Bb3 d6 8. c3 0-0 9. a4 Bb7 10. Bg5 Nb8 11. axb5 axb5 12. Rxa8 Bxa8 13. Na3 Bc6 14. Nc2 Nbd7 15. Ne3 Nc5 16. Bxf6 Bxf6 17. Bd5 Bxd5 18. Nxd5 c6 19. Nb4 Qb6 20. Qe2 Re8 21. Ra1 Qb7 22. g3 g6 23. Kg2 Kg7 24. h4 h5 25. Qe3 Bd8 26. d4 Nb3 27. Ra3 Na5 28. dxe5 dxe5 29. Ra1 Bb6 30. Qe2 Qc7 31. Rd1 Nc4 32. Nd3 f6 33. Nd2 Qf7 34. Nxc4 Qxc4 35. Nc1 Qxe2 36. Nxe2 Rd8 37. Rxd8 Bxd8 38. b3 Kf7 39. Nc1 Ke6 40. Nd3 Ba5 41. c4 bxc4 42. bxc4 Bc3 43. f3 Kd6 44. Kf2 Bd4+ 45. Ke2 Bg1 1/2-1/2

[Event "PNWCC Last Dance-B"]
[Site "Redmond"]
[Date "2022.06.20"]
[Round "4"]
[White "Stopa, Jacek"]
[Black "Wen, Yili"]
[Result "1-0"]
[WhiteElo "2421"]
[BlackElo "2122"]
[PlyCount "47"]
[EventDate "2022.06.18"]
[EventType "tourn"]
[EventRounds "9"]
[EventCountry "USA"]
[EventCategory "1"]
[SourceTitle "EXT 2024"]
[Source "ChessBase"]
[SourceDate "2023.10.10"]
[SourceVersion "1"]
[SourceVersionDate "2023.10.10"]
[SourceQuality "1"]

1. e4 e5 2. Nc3 Nf6 3. g3 Bc5 4. Bg2 d6 5. Na4 Nc6 6. Nxc5 dxc5 7. d3 Bg4 8. Qd2 Qd6 9. h3 Be6 10. b3 a5 11. a4 Nd4 12. Rb1 Rd8 13. Ne2 Nxe2 14. Qxe2 Nd7 15. f4 f6 16. 0-0 Bf7 17. g4 exf4 18. Bxf4 Ne5 19. g5 fxg5 20. Bxg5 Rc8 21. Rf5 0-0 22. Bf4 Rfe8 23. Qd2 b6 24. Qc3 1-0

[Event "Chicago op 31st"]
[Site "Chicago"]
[Date "2022.05.26"]
[Round "1"]
[White "Jacobson, Brandon"]
[Black "Wen, Yili"]
[Result "0-1"]
[WhiteElo "2526"]
[BlackElo "2122"]
[PlyCount "77"]
[EventDate "2022.05.26"]
[EventType "swiss"]
[EventRounds "9"]
[EventCountry "USA"]
[SourceTitle "CBM 208 Extra"]
[Source "ChessBase"]
[SourceDate "2022.07.31"]
[SourceVersion "1"]
[SourceVersionDate "2022.07.31"]
[SourceQuality "1"]

1. d4 Nf6 2. c4 e6 3. Nf3 b6 4. g3 Ba6 5. Qc2 c5 6. d5 exd5 7. cxd5 Bb7 8. Bg2 Nxd5 9. 0-0 Be7 10. Rd1 Qc8 11. Nh4 Nb4 12. Qc3 0-0 13. Nf5 Bf6 14. Qxf6 gxf6 15. Ne7+ Kg7 16. Nxc8 Bxg2 17. Nd6 Bh3 18. Nc3 Nc2 19. Rb1 Nd4 20. b3 Nbc6 21. Bb2 Rab8 22. f3 Ne7 23. Kf2 Kg6 24. g4 h5 25. e3 Ndc6 26. Kg3 hxg4 27. fxg4 Rh8 28. Ne2 Bxg4 29. Kxg4 Rxh2 30. Nf4+ Kg7 31. Nh5+ Kg6 32. Rh1 Ne5+ 33. Bxe5 Rxh1 34. Nf4+ Kg7 35. Bxf6+ Kxf6 36. Rxh1 Ke5 37. Nxf7+ Ke4 38. Ng5+ Ke5 39. Rh7 0-1

[Event "Marshall CC-ch 104th"]
[Site "Chess.com INT"]
[Date "2020.12.22"]
[Round "9"]
[White "Wen, Yili"]
[Black "Vijayakumar, Advaith"]
[Result "1-0"]
[WhiteElo "2082"]
[BlackElo "1846"]
[PlyCount "97"]
[EventDate "2020.12.19"]
[EventType "swiss"]
[EventRounds "9"]
[EventCountry "USA"]
[SourceTitle "CBM 200 Extra"]
[Source "ChessBase"]
[SourceDate "2021.03.31"]
[SourceVersion "1"]
[SourceVersionDate "2021.03.31"]
[SourceQuality "1"]

1. Nf3 Nf6 2. g3 e6 3. Bg2 d5 4. 0-0 Be7 5. c4 0-0 6. d4 Nbd7 7. Qc2 c6 8. Nbd2 b6 9. b3 c5 10. cxd5 exd5 11. Bb2 Ba6 12. Rfe1 Rc8 13. dxc5 Bxc5 14. Qd1 Qe7 15. Nd4 Ne5 16. a3 Neg4 17. e4 Qe5 18. N2f3 Qh5 19. exd5 Nxd5 20. h3 Ngf6 21. Re5 Qg6 22. b4 Bd6 23. Nh4 Bxe5 24. Nxg6 hxg6 25. Rc1 Rxc1 26. Qxc1 Rc8 27. Qd2 Bc4 28. Nf3 Bxb2 29. Qxb2 Ne7 30. Qe5 Nc6 31. Qd6 Bd5 32. Ng5 Bxg2 33. Kxg2 Nd8 34. Qe7 a6 35. Qa7 a5 36. b5 Nh7 37. Nxh7 Kxh7 38. Qxb6 Ne6 39. Qxa5 Rc2 40. Qb4 Nc5 41. Qh4+ Kg8 42. Qd4 Ne6 43. Qd3 Rb2 44. a4 Nc5 45. Qd8+ Kh7 46. b6 Rb4 47. a5 Na4 48. Qc7 Rb5 49. b7 1-0

[Event "FISCA Online op"]
[Site "Chess.com INT"]
[Date "2020.06.28"]
[Round "9"]
[White "Wen, Yili"]
[Black "Dau, Khuong Duy"]
[Result "1-0"]
[WhiteElo "2082"]
[BlackElo "1552"]
[PlyCount "107"]
[EventDate "2020.06.19"]
[EventType "swiss"]
[EventRounds "9"]
[EventCountry "ROU"]
[SourceTitle "CBM 197 Extra"]
[Source "ChessBase"]
[SourceDate "2020.09.30"]
[SourceVersion "1"]
[SourceVersionDate "2020.09.30"]
[SourceQuality "1"]

1. Nf3 Nf6 2. c4 e6 3. g3 b6 4. Bg2 Bb7 5. 0-0 Be7 6. Nc3 0-0 7. Re1 d5 8. cxd5 exd5 9. d4 Nbd7 10. Bf4 c5 11. Rc1 a6 12. Ne5 cxd4 13. Nxd7 Qxd7 14. Qxd4 Bc5 15. Qd3 a5 16. h3 d4 17. Bxb7 Qxb7 18. Na4 Rfc8 19. Qb5 Qc6 20. Qxc6 Rxc6 21. Be5 Rac8 22. Red1 h6 23. Kg2 Ne8 24. Bxd4 Bxd4 25. Rxc6 Rxc6 26. Rxd4 b5 27. Rd8 bxa4 28. Rxe8+ Kh7 29. Rb8 Rc5 30. Rb6 f5 31. Kf3 Kg8 32. h4 Kf7 33. h5 Rd5 34. a3 Ke7 35. Kf4 Kf7 36. f3 Ke7 37. g4 fxg4 38. fxg4 Kf7 39. e4 Rd2 40. Rb5 Rf2+ 41. Kg3 Rd2 42. Rxa5 Rxb2 43. Rxa4 Kf6 44. Ra5 Ke6 45. a4 Ra2 46. Kf3 Kf6 47. Ra7 Rb2 48. a5 Ra2 49. a6 Rc2 50. Ra8 Ra2 51. a7 Kg5 52. e5 Ra6 53. e6 Ra3+ 54. Ke4 1-0

[Event "FISCA Online op"]
[Site "Chess.com INT"]
[Date "2020.06.26"]
[Round "7"]
[White "Wen, Yili"]
[Black "Terry, Renato"]
[Result "0-1"]
[WhiteElo "2082"]
[BlackElo "2504"]
[PlyCount "90"]
[EventDate "2020.06.19"]
[EventType "swiss"]
[EventRounds "9"]
[EventCountry "ROU"]
[SourceTitle "CBM 197 Extra"]
[Source "ChessBase"]
[SourceDate "2020.09.30"]
[SourceVersion "1"]
[SourceVersionDate "2020.09.30"]
[SourceQuality "1"]

1. Nf3 Nf6 2. c4 b6 3. g3 Bb7 4. Bg2 g6 5. 0-0 Bg7 6. Nc3 0-0 7. Re1 Ne4 8. Nxe4 Bxe4 9. d3 Bb7 10. e4 c5 11. d4 cxd4 12. Nxd4 d6 13. Bg5 Re8 14. Qd2 Nd7 15. Rac1 Nc5 16. Nb5 Rc8 17. b3 a6 18. Nc3 Bc6 19. Qe2 Qd7 20. Nd5 Qb7 21. Nb4 e5 22. Rcd1 Ne6 23. Be3 a5 24. Nxc6 Rxc6 25. f4 Qc7 26. f5 Nd4 27. Qf2 Rc5 28. f6 Bf8 29. g4 a4 30. Rd3 axb3 31. axb3 b5 32. Qh4 bxc4 33. bxc4 Qd8 34. Bd2 Ne6 35. Rh3 h6 36. g5 Nf4 37. Bxf4 exf4 38. gxh6 g5 39. h7+ Kh8 40. Qg4 Qxf6 41. Rh5 Be7 42. Rf1 Qg6 43. Qd7 Rcc8 44. Bf3 Rcd8 45. Qc6 g4 0-1

[Event "FISCA Online op"]
[Site "Chess.com INT"]
[Date "2020.06.23"]
[Round "5"]
[White "Wen, Yili"]
[Black "Aniruddh, Chatterjee"]
[Result "1/2-1/2"]
[WhiteElo "2082"]
[BlackElo "1797"]
[PlyCount "75"]
[EventDate "2020.06.19"]
[EventType "swiss"]
[EventRounds "9"]
[EventCountry "ROU"]
[SourceTitle "CBM 197 Extra"]
[Source "ChessBase"]
[SourceDate "2020.09.30"]
[SourceVersion "1"]
[SourceVersionDate "2020.09.30"]
[SourceQuality "1"]

1. Nf3 c5 2. c4 Nc6 3. Nc3 e5 4. g3 g6 5. Bg2 Bg7 6. 0-0 Nge7 7. Ne1 0-0 8. Nc2 d6 9. Ne3 Be6 10. d3 f5 11. Ned5 h6 12. Rb1 Rb8 13. a3 a6 14. b4 cxb4 15. Nxb4 Nxb4 16. Rxb4 d5 17. cxd5 Nxd5 18. Nxd5 Bxd5 19. Be3 Bxg2 20. Kxg2 Qd5+ 21. f3 b5 22. Qd2 g5 23. Rc1 Rfc8 24. Rbb1 e4 25. dxe4 Qxd2 26. Bxd2 fxe4 27. Bb4 exf3+ 28. Kxf3 Kf7 29. Rd1 Rb6 30. Rd7+ Kg6 31. Rbd1 Rf6+ 32. Kg2 Rc2 33. R1d2 Rxd2 34. Rxd2 Bf8 35. e4 g4 36. e5 Bxb4 37. axb4 Re6 38. h3 1/2-1/2

[Event "Hersonissos Online op"]
[Site "Chess.com INT"]
[Date "2020.06.12"]
[Round "8"]
[White "Wen, Yili"]
[Black "Leftheriotis, Alexandros"]
[Result "1-0"]
[WhiteElo "2082"]
[BlackElo "1991"]
[PlyCount "141"]
[EventDate "2020.06.05"]
[EventType "swiss"]
[EventRounds "9"]
[EventCountry "GRE"]
[SourceTitle "EXT 2021"]
[Source "ChessBase"]
[SourceDate "2020.10.23"]
[SourceVersion "1"]
[SourceVersionDate "2020.10.23"]
[SourceQuality "1"]

1. d4 Nf6 2. Nf3 g6 3. c4 Bg7 4. Nc3 d6 5. g3 0-0 6. Bg2 Nbd7 7. 0-0 e5 8. h3 exd4 9. Nxd4 Nb6 10. b3 d5 11. Ba3 Re8 12. c5 Nbd7 13. c6 Ne5 14. cxb7 Bxb7 15. Rc1 Rc8 16. Na4 Ne4 17. Nc5 Nxc5 18. Bxc5 c6 19. Qd2 a5 20. Rfd1 Nd7 21. e3 h5 22. h4 Nf6 23. Qc2 Ne4 24. Nf3 Nxc5 25. Qxc5 Bf8 26. Qc3 Qb6 27. Ne1 Red8 28. Qe5 Bg7 29. Qg5 Rd6 30. Rc2 c5 31. Rdc1 Kh7 32. Qf4 Rf6 33. Qa4 Bf8 34. Bf1 Rd6 35. Qb5 Qxb5 36. Bxb5 Rb6 37. Bf1 Kg7 38. Bg2 Kf6 39. Nd3 Rb5 40. a4 Rxb3 41. Nxc5 Bxc5 42. Rxc5 Ra8 43. Bxd5 Bxd5 44. Rxd5 Rb4 45. Rc6+ Kg7 46. Rd4 Rxd4 47. exd4 Rd8 48. Rc4 Kf6 49. Kf1 Kf5 50. Ke2 Ke4 51. f3+ Kd5 52. Kd3 Kd6 53. Rc5 Ra8 54. Rb5 Kc6 55. d5+ Kd6 56. Kd4 f6 57. Rb6+ Ke7 58. Rb7+ Kd6 59. Rf7 Rb8 60. Rxf6+ Ke7 61. Rxg6 Rb4+ 62. Ke5 Rxa4 63. Rg7+ Kd8 64. Rg8+ Kd7 65. Rg7+ Kd8 66. Ke6 Ra1 67. Rg8+ Kc7 68. d6+ Kc6 69. Rc8+ Kb7 70. d7 Re1+ 71. Kf5 1-0

[Event "Hersonissos Online op"]
[Site "Chess.com INT"]
[Date "2020.06.11"]
[Round "7"]
[White "Thakur, Akash"]
[Black "Wen, Yili"]
[Result "0-1"]
[WhiteElo "2235"]
[BlackElo "2082"]
[PlyCount "96"]
[EventDate "2020.06.05"]
[EventType "swiss"]
[EventRounds "9"]
[EventCountry "GRE"]
[SourceTitle "EXT 2021"]
[Source "ChessBase"]
[SourceDate "2020.10.23"]
[SourceVersion "1"]
[SourceVersionDate "2020.10.23"]
[SourceQuality "1"]

1. e4 e5 2. Nf3 Nc6 3. Nc3 Nf6 4. Bb5 Bb4 5. 0-0 0-0 6. d3 d6 7. Bg5 Bxc3 8. bxc3 Bd7 9. Nd2 h6 10. Bh4 g5 11. Bg3 Ne7 12. Bxd7 Qxd7 13. Nc4 Ng6 14. Ne3 Kh7 15. Rb1 Rab8 16. Qf3 Qe6 17. c4 b6 18. Nf5 Ne7 19. Nxe7 Qxe7 20. Qf5+ Kg7 21. h4 Nh7 22. hxg5 hxg5 23. d4 f6 24. f3 Qf7 25. c5 Rbd8 26. Bf2 Qc4 27. cxd6 cxd6 28. d5 Rf7 29. g3 Qxa2 30. Kg2 Nf8 31. f4 Ng6 32. fxg5 fxg5 33. Qxg5 Rh8 34. Rbc1 Qc4 35. Qe3 Rhf8 36. c3 Kg8 37. Rcd1 Rg7 38. Rh1 Nf4+ 39. Kg1 Qe2 40. Re1 Qg4 41. Kf1 Nh3 42. Re2 Rf3 43. Qh6 Qxg3 44. Qe6+ Rgf7 45. Ke1 Qg2 46. Rf1 Nxf2 47. Qc8+ Kg7 48. Qe6 Qg3 0-1

[Event "Wch U14 Girls"]
[Site "Porto Carras"]
[Date "2018.10.30"]
[Round "11.13"]
[White "Kuhar, Larisa"]
[Black "Wen, Yili"]
[Result "0-1"]
[WhiteElo "1916"]
[BlackElo "2083"]
[PlyCount "100"]
[EventDate "2018.10.20"]
[EventType "swiss"]
[EventRounds "11"]
[EventCountry "GRE"]
[SourceTitle "CBM 187 Extra"]
[Source "ChessBase"]
[SourceDate "2018.11.04"]
[SourceVersion "1"]
[SourceVersionDate "2018.11.04"]
[SourceQuality "1"]

1. e4 e5 2. Nf3 Nc6 3. Bb5 a6 4. Bxc6 dxc6 5. 0-0 f6 6. d4 exd4 7. Nxd4 c5 8. Ne2 Qxd1 9. Rxd1 Bd7 10. Nbc3 0-0-0 11. Be3 Re8 12. Rd2 Bc6 13. Rad1 b6 14. Nf4 Nh6 15. f3 Nf7 16. Ncd5 Ne5 17. b3 h5 18. h4 Kb7 19. c4 Bd6 20. Kf2 Ref8 21. Rc2 Rf7 22. Ke2 Bd7 23. Rcc1 Nc6 24. Ng6 Re8 25. Bf4 Bxf4 26. Ngxf4 f5 27. Kd3 fxe4+ 28. fxe4 Nb4+ 29. Nxb4 Rxf4 30. Nd5 Rfxe4 31. Rf1 Rd4+ 32. Kc3 Bc6 33. Rf7 Bxd5 34. cxd5 Re3+ 35. Kb2 Re2+ 36. Rc2 Ree4 37. Rxg7 Rxh4 38. Re2 Rhg4 39. Rd7 b5 40. Ree7 Rxg2+ 41. Kc1 Rh4 42. Rxc7+ Kb6 43. Rc6+ Ka5 44. Re1 Rxa2 45. Kb1 Rhh2 46. Rxc5 Rad2 47. Kc1 Kb4 48. Rc6 a5 49. Rd1 Ra2 50. Kb1 Ka3 0-1

[Event "Wch U14 Girls"]
[Site "Porto Carras"]
[Date "2018.10.29"]
[Round "10.7"]
[White "Wen, Yili"]
[Black "Stepanyan, Eva"]
[Result "0-1"]
[WhiteElo "2083"]
[BlackElo "1981"]
[PlyCount "136"]
[EventDate "2018.10.20"]
[EventType "swiss"]
[EventRounds "11"]
[EventCountry "GRE"]
[SourceTitle "CBM 187 Extra"]
[Source "ChessBase"]
[SourceDate "2018.11.04"]
[SourceVersion "1"]
[SourceVersionDate "2018.11.04"]
[SourceQuality "1"]

1. Nf3 d5 2. c4 d4 3. e3 Nc6 4. d3 e5 5. a3 a5 6. Be2 Nf6 7. 0-0 Be7 8. Re1 0-0 9. b3 h6 10. Nbd2 Bf5 11. exd4 exd4 12. Nf1 Qd7 13. Ng3 Bh7 14. Rb1 Rfe8 15. Qd2 Bf8 16. Bb2 Rad8 17. Bf1 Bc5 18. Qf4 Rxe1 19. Rxe1 Qd6 20. Qc1 Rd7 21. Qa1 Kf8 22. h3 b6 23. Rd1 Rd8 24. Ne2 Nh5 25. b4 axb4 26. axb4 Nxb4 27. Nexd4 Bxd4 28. Nxd4 c5 29. Nb5 Qg6 30. d4 Nf4 31. Kh2 Nc2 32. Qa7 cxd4 33. Nxd4 Re8 34. Nxc2 Qxc2 35. Ba3+ Kg8 36. Qd7 Qe4 37. Rd4 Qe6 38. Qb5 Ra8 39. Bb4 Ne2 40. Rd6 Qe4 41. Qxb6 Bg6 42. Bxe2 Qe5+ 43. Kg1 Qxe2 44. Qd4 Qc2 45. Bc3 f6 46. c5 Ra4 47. Qd5+ Kh7 48. Bd2 Be4 49. Qh5 Qb1+ 50. Kh2 Ra1 51. f3 Qh1+ 52. Kg3 Rg1 53. fxe4 Rxg2+ 54. Kf4 Qf1+ 55. Qf3 Rf2 56. Rd3 g5+ 57. Kg4 h5+ 58. Kxh5 Rxf3 59. Rd7+ Kg8 60. Kg6 Kf8 61. c6 Qc4 62. Bb4+ Qxb4 63. Rd8+ Ke7 64. c7 Qxe4+ 65. Kg7 Rc3 66. c8Q Rxc8 67. Rxc8 Qe6 68. Rc3 f5 0-1

[Event "Wch U14 Girls"]
[Site "Porto Carras"]
[Date "2018.10.26"]
[Round "7"]
[White "Jyothsna, L."]
[Black "Wen, Yili"]
[Result "1/2-1/2"]
[WhiteElo "2060"]
[BlackElo "2083"]
[PlyCount "60"]
[EventDate "2018.10.20"]
[EventType "swiss"]
[EventRounds "11"]
[EventCountry "GRE"]
[SourceTitle "CBM 187 Extra"]
[Source "ChessBase"]
[SourceDate "2018.11.04"]
[SourceVersion "1"]
[SourceVersionDate "2018.11.04"]
[SourceQuality "1"]

1. b3 d5 2. Bb2 Nf6 3. Nf3 Bf5 4. g3 e6 5. Bg2 h6 6. d3 Be7 7. Nbd2 Bh7 8. 0-0 0-0 9. Ne5 c6 10. e4 Nbd7 11. Nxd7 Nxd7 12. Qe2 Re8 13. Rfd1 Qb6 14. Rac1 a5 15. a3 Rad8 16. Rb1 d4 17. f4 Qa7 18. Qf2 e5 19. Bh3 a4 20. b4 b5 21. Nf3 Bf6 22. c3 exf4 23. cxd4 fxg3 24. hxg3 Nf8 25. Rbc1 Qb6 26. Rc5 Ne6 27. Bxe6 Rxe6 28. Rdc1 Be7 29. R5c2 Bd6 30. Kg2 Bb8 1/2-1/2

[Event "Innsbruck op-A 2nd"]
[Site "Innsbruck"]
[Date "2018.08.27"]
[Round "4"]
[White "Wen, Yili"]
[Black "Kondrak, Christof"]
[Result "1-0"]
[WhiteElo "1808"]
[BlackElo "2107"]
[PlyCount "197"]
[EventDate "2018.08.24"]
[EventType "swiss"]
[EventRounds "9"]
[EventCountry "AUT"]
[SourceTitle "CBM 186 Extra"]
[Source "ChessBase"]
[SourceDate "2018.08.24"]
[SourceVersion "1"]
[SourceVersionDate "2018.08.24"]
[SourceQuality "1"]

1. c4 c5 2. Nc3 e6 3. Nf3 b6 4. g3 Bb7 5. Bg2 Nf6 6. 0-0 d6 7. d4 cxd4 8. Qxd4 a6 9. Rd1 Qc7 10. b3 Nc6 11. Qd2 Be7 12. Bb2 0-0 13. Rac1 Rad8 14. Nd5 exd5 15. cxd5 Qd7 16. dxc6 Bxc6 17. Qc3 Ba8 18. Ne5 Qe6 19. Bxa8 dxe5 20. Bb7 Rxd1+ 21. Rxd1 Bc5 22. e3 Ng4 23. Bf3 Qf5 24. Bxg4 Qxg4 25. Rd5 Be7 26. Qd3 e4 27. Qxa6 Rc8 28. Qxb6 Bf6 29. Qa5 h5 30. Qd2 h4 31. Bxf6 hxg3 32. hxg3 gxf6 33. Rd8+ Rxd8 34. Qxd8+ Kg7 35. Qd2 Kg6 36. a4 Qf5 37. b4 Kg5 38. Qe2 Qc8 39. a5 f5 40. a6 Qc3 41. b5 Qa5 42. Kg2 Kg6 43. Qb2 Qb6 44. Qa2 f4 45. gxf4 Qxb5 46. a7 Qh5 47. Qa6+ Kh7 48. Qf1 Qa5 49. Qc4 Qxa7 50. Qxe4+ Kg8 51. Qe8+ Kh7 52. Kg3 Qa2 53. Qe4+ Kg8 54. f5 Qa1 55. Qg4+ Kf8 56. Kh4 Qh8+ 57. Qh5 Qa1 58. Qf3 Qh8+ 59. Kg4 Qg7+ 60. Kf4 Qh6+ 61. Ke5 Qb6 62. f6 Qe6+ 63. Kd4 Qd6+ 64. Kc4 Qa6+ 65. Kc5 Qa3+ 66. Kb6 Qb4+ 67. Kc7 Qa5+ 68. Kb7 Qb5+ 69. Kc8 Qc5+ 70. Kb8 Qb6+ 71. Kc8 Qc5+ 72. Kd7 Qa7+ 73. Kd6 Qb8+ 74. Kc5 Qa7+ 75. Kb5 Qb8+ 76. Kc4 Qc7+ 77. Kd3 Qd6+ 78. Kc2 Qc5+ 79. Kd1 Qd6+ 80. Ke1 Qb4+ 81. Kf1 Qb1+ 82. Ke2 Qc2+ 83. Ke1 Qc1+ 84. Ke2 Qc2+ 85. Kf1 Qb1+ 86. Kg2 Qg6+ 87. Kh3 Qh6+ 88. Kg3 Qg6+ 89. Qg4 Qxf6 90. Qc8+ Ke7 91. Qc7+ Kf8 92. Qc5+ Kg8 93. f4 Qa1 94. Qg5+ Kh7 95. Qh5+ Kg8 96. Qf3 Qe1+ 97. Kg4 Qc3 98. e4 Kh7 99. Qxc3 1-0

[Event "Innsbruck op-A 2nd"]
[Site "Innsbruck"]
[Date "2018.08.26"]
[Round "3"]
[White "Platzgummer, Fabian"]
[Black "Wen, Yili"]
[Result "1-0"]
[WhiteElo "2346"]
[BlackElo "1808"]
[PlyCount "101"]
[EventDate "2018.08.24"]
[EventType "swiss"]
[EventRounds "9"]
[EventCountry "AUT"]
[SourceTitle "CBM 186 Extra"]
[Source "ChessBase"]
[SourceDate "2018.08.24"]
[SourceVersion "1"]
[SourceVersionDate "2018.08.24"]
[SourceQuality "1"]

1. g3 c5 2. e4 Nc6 3. Bg2 g6 4. Ne2 Bg7 5. 0-0 e6 6. f4 Nge7 7. Na3 0-0 8. c3 a6 9. d3 d6 10. Be3 Rb8 11. d4 cxd4 12. cxd4 d5 13. e5 Qb6 14. b3 Bd7 15. Bf2 Rfc8 16. Nc2 Nb4 17. Nxb4 Qxb4 18. a4 Nc6 19. g4 f5 20. gxf5 gxf5 21. Kh1 Kh8 22. Rg1 Rc7 23. Be1 Qe7 24. Rc1 Be8 25. Bf3 Rbc8 26. Qd2 a5 27. Nc3 Nb4 28. Be2 Bh6 29. Rg3 Qf7 30. Rh3 Bf8 31. Bf2 Bc6 32. Bh5 Qd7 33. Rg1 Qd8 34. Bg6 Rg7 35. Qe3 Rcc7 36. Qf3 Be8 37. Bxe8 Rxg1+ 38. Kxg1 Qxe8 39. Nb5 Rc1+ 40. Kg2 Rc2 41. Rg3 Be7 42. Kh1 Qf8 43. Rg1 Rd2 44. Rd1 Rc2 45. Qe3 Qc8 46. Rg1 Na2 47. Nd6 Qf8 48. Nxb7 Rc3 49. Qd2 Qb8 50. Nd6 Bxd6 51. Bh4 1-0

[Event "CHN-chT qual (Women)"]
[Site "Jiaxing"]
[Date "2017.07.01"]
[Round "4"]
[White "Wen, Yili"]
[Black "Gu, Tianlu"]
[Result "0-1"]
[WhiteElo "1809"]
[BlackElo "2194"]
[PlyCount "76"]
[EventDate "2017.06.29"]
[EventType "swiss"]
[EventRounds "9"]
[EventCountry "CHN"]
[SourceTitle "EXT 2018"]
[Source "ChessBase"]
[SourceDate "2017.10.13"]
[SourceVersion "1"]
[SourceVersionDate "2017.10.13"]
[SourceQuality "1"]

1. c4 e5 2. Nc3 d6 3. g3 g6 4. Bg2 Bg7 5. e3 c5 6. Nge2 Nc6 7. d3 Nge7 8. 0-0 0-0 9. Rb1 Rb8 10. b3 a6 11. Bb2 Be6 12. Nd5 b5 13. Qd2 Qd7 14. Rfd1 Bg4 15. Rbc1 Nxd5 16. cxd5 Ne7 17. Re1 Bh3 18. Bh1 Rbc8 19. d4 exd4 20. exd4 c4 21. bxc4 bxc4 22. Qa5 Bh6 23. Rcd1 Nf5 24. Qxa6 Ne3 25. Rb1 Nc2 26. Bc1 Bg7 27. Rd1 Rfe8 28. Nf4 Bg4 29. Rf1 g5 30. Rb7 Qf5 31. h3 Bxh3 32. Nxh3 Qxh3 33. Bg2 Qh5 34. Bd2 Nxd4 35. Rfb1 Ne2+ 36. Kf1 Nxg3+ 37. Kg1 Ne2+ 38. Kf1 Qh2 0-1

[Event "CHN-chT qual (Women)"]
[Site "Jiaxing"]
[Date "2017.06.30"]
[Round "2"]
[White "Wen, Yili"]
[Black "Lu, Miaoyi"]
[Result "1-0"]
[WhiteElo "1809"]
[BlackElo "1262"]
[PlyCount "145"]
[EventDate "2017.06.29"]
[EventType "swiss"]
[EventRounds "9"]
[EventCountry "CHN"]
[SourceTitle "EXT 2018"]
[Source "ChessBase"]
[SourceDate "2017.10.13"]
[SourceVersion "1"]
[SourceVersionDate "2017.10.13"]
[SourceQuality "1"]

1. c4 c6 2. Nf3 d5 3. cxd5 cxd5 4. d4 Nf6 5. Nc3 Nc6 6. Bf4 Bf5 7. e3 a6 8. Ne5 Rc8 9. Be2 e6 10. Qb3 Qe7 11. a3 Nxe5 12. Bxe5 Ne4 13. f3 Nxc3 14. bxc3 Qd7 15. 0-0 f6 16. Bf4 Be7 17. a4 0-0 18. Ra2 Rfe8 19. Rb2 Bf8 20. Qxb7 Qxa4 21. Bxa6 Qa5 22. Qxc8 Rxc8 23. Bxc8 Qxc3 24. Rb8 g5 25. Bg3 Qxe3+ 26. Bf2 Qf4 27. Ra8 Kg7 28. Kh1 g4 29. Bg1 Be4 30. fxe4 Qxf1 31. exd5 exd5 32. Bxg4 Bb4 33. Ra4 Bd2 34. Ra3 Qc1 35. Rb3 Kg6 36. Rd3 Bb4 37. Rd1 Qc2 38. Rf1 Qc4 39. Rd1 Kg5 40. Bf3 Kf4 41. Bf2 Bc3 42. Rc1 Qb4 43. Bxd5 Qb2 44. Rf1 Qe2 45. Kg1 Kg5 46. Bf3 Qc4 47. d5 Kg6 48. Rd1 Ba5 49. d6 Qc8 50. d7 Qd8 51. Be4+ Kg7 52. Bf5 Bc7 53. Re1 Be5 54. Bg3 Qb6+ 55. Kh1 Qc7 56. Bxe5 fxe5 57. Rd1 Qd8 58. h3 Kf6 59. Bxh7 Ke6 60. g4 Qa8+ 61. Kh2 Qd8 62. Bf5+ Ke7 63. Rc1 Qb6 64. Rc2 Qe3 65. h4 Qf4+ 66. Kg2 e4 67. Rf2 Qe3 68. g5 Kd8 69. Bg4 Qc5 70. Rf5 Qc2+ 71. Rf2 Qc5 72. g6 Qe7 73. Rc2 1-0